<?xml version="1.0" encoding="UTF-8"?>
<record
    xmlns:xsi="http://www.w3.org/2001/XMLSchema-instance"
    xsi:schemaLocation="http://www.loc.gov/MARC21/slim http://www.loc.gov/standards/marcxml/schema/MARC21slim.xsd"
    xmlns="http://www.loc.gov/MARC21/slim">

  <leader>00273nam a22001217a 4500</leader>
  <datafield tag="040" ind1=" " ind2=" ">
    <subfield code="c">SK</subfield>
  </datafield>
  <datafield tag="082" ind1=" " ind2=" ">
    <subfield code="a">813</subfield>
  </datafield>
  <datafield tag="100" ind1=" " ind2=" ">
    <subfield code="a">DUK CHHENG</subfield>
  </datafield>
  <datafield tag="245" ind1=" " ind2=" ">
    <subfield code="a">&#x1780;&#x17C4;&#x179F;&#x17B7;&#x1780;&#x17B6; &#x1793;&#x17B7;&#x1784;&#x1787;&#x17B6;&#x179B;&#x17B7;&#x1780;&#x17B6;&#x179C;&#x17B7;&#x1791;&#x17D2;&#x1799;&#x17B6;</subfield>
  </datafield>
  <datafield tag="260" ind1=" " ind2=" ">
    <subfield code="a">RUA</subfield>
    <subfield code="b">DUK</subfield>
    <subfield code="c">2015</subfield>
  </datafield>
  <datafield tag="300" ind1=" " ind2=" ">
    <subfield code="a">63p.</subfield>
  </datafield>
  <datafield tag="942" ind1=" " ind2=" ">
    <subfield code="c">KB</subfield>
  </datafield>
  <datafield tag="999" ind1=" " ind2=" ">
    <subfield code="c">10833</subfield>
    <subfield code="d">10833</subfield>
  </datafield>
  <datafield tag="952" ind1=" " ind2=" ">
    <subfield code="0">0</subfield>
    <subfield code="1">0</subfield>
    <subfield code="4">0</subfield>
    <subfield code="6">813_000000000000000_DUK_2015_C335_OR_1</subfield>
    <subfield code="7">0</subfield>
    <subfield code="9">56648</subfield>
    <subfield code="a">LBC</subfield>
    <subfield code="b">LBA</subfield>
    <subfield code="c">C335</subfield>
    <subfield code="d">2016-11-10</subfield>
    <subfield code="l">2</subfield>
    <subfield code="o">813 DUK 2015 C335 Or.1</subfield>
    <subfield code="p">A00103</subfield>
    <subfield code="r">2020-01-13</subfield>
    <subfield code="s">2017-02-20</subfield>
    <subfield code="y">KB</subfield>
  </datafield>
  <datafield tag="952" ind1=" " ind2=" ">
    <subfield code="0">0</subfield>
    <subfield code="1">0</subfield>
    <subfield code="4">0</subfield>
    <subfield code="6">813_000000000000000_DUK_2015_C335_OR_2</subfield>
    <subfield code="7">0</subfield>
    <subfield code="9">56649</subfield>
    <subfield code="a">LBC</subfield>
    <subfield code="b">LBA</subfield>
    <subfield code="c">C335</subfield>
    <subfield code="d">2016-11-10</subfield>
    <subfield code="o">813 DUK 2015 C335 Or.2</subfield>
    <subfield code="p">A04106</subfield>
    <subfield code="r">2020-01-13</subfield>
    <subfield code="y">KB</subfield>
  </datafield>
  <datafield tag="952" ind1=" " ind2=" ">
    <subfield code="0">0</subfield>
    <subfield code="1">0</subfield>
    <subfield code="4">0</subfield>
    <subfield code="6">813_000000000000000_DUK_2015_C335_OR_3</subfield>
    <subfield code="7">0</subfield>
    <subfield code="9">56650</subfield>
    <subfield code="a">LBC</subfield>
    <subfield code="b">LBC</subfield>
    <subfield code="c">C335</subfield>
    <subfield code="d">2016-11-10</subfield>
    <subfield code="l">1</subfield>
    <subfield code="o">813 DUK 2015 C335 Or.3</subfield>
    <subfield code="p">A04181</subfield>
    <subfield code="r">2017-09-26</subfield>
    <subfield code="s">2017-02-06</subfield>
    <subfield code="y">KB</subfield>
  </datafield>
  <datafield tag="952" ind1=" " ind2=" ">
    <subfield code="0">0</subfield>
    <subfield code="1">0</subfield>
    <subfield code="4">0</subfield>
    <subfield code="6">813_000000000000000_DUK_2015_C335_OR_4</subfield>
    <subfield code="7">0</subfield>
    <subfield code="9">56651</subfield>
    <subfield code="a">LBC</subfield>
    <subfield code="b">LBC</subfield>
    <subfield code="c">C335</subfield>
    <subfield code="d">2016-11-10</subfield>
    <subfield code="l">2</subfield>
    <subfield code="o">813 DUK 2015 C335 Or.4</subfield>
    <subfield code="p">A03311</subfield>
    <subfield code="r">2021-01-06</subfield>
    <subfield code="s">2020-12-25</subfield>
    <subfield code="y">KB</subfield>
  </datafield>
  <datafield tag="952" ind1=" " ind2=" ">
    <subfield code="0">0</subfield>
    <subfield code="1">0</subfield>
    <subfield code="4">0</subfield>
    <subfield code="6">813_000000000000000_DUK_2015_C335_OR_5</subfield>
    <subfield code="7">0</subfield>
    <subfield code="9">56652</subfield>
    <subfield code="a">LBC</subfield>
    <subfield code="b">LBC</subfield>
    <subfield code="c">C335</subfield>
    <subfield code="d">2016-11-10</subfield>
    <subfield code="l">2</subfield>
    <subfield code="o">813 DUK 2015 C335 Or.5</subfield>
    <subfield code="p">A03398</subfield>
    <subfield code="r">2022-02-22</subfield>
    <subfield code="s">2022-02-08</subfield>
    <subfield code="y">KB</subfield>
  </datafield>
  <datafield tag="952" ind1=" " ind2=" ">
    <subfield code="0">0</subfield>
    <subfield code="1">0</subfield>
    <subfield code="4">0</subfield>
    <subfield code="6">813_000000000000000_DUK_2015_C335_OR_6</subfield>
    <subfield code="7">0</subfield>
    <subfield code="9">56653</subfield>
    <subfield code="a">LBC</subfield>
    <subfield code="b">LBC</subfield>
    <subfield code="c">C335</subfield>
    <subfield code="d">2016-11-10</subfield>
    <subfield code="l">2</subfield>
    <subfield code="m">1</subfield>
    <subfield code="o">813 DUK 2015 C335 Or.6</subfield>
    <subfield code="p">A04056</subfield>
    <subfield code="r">2017-09-04</subfield>
    <subfield code="s">2017-02-13</subfield>
    <subfield code="y">KB</subfield>
  </datafield>
  <datafield tag="952" ind1=" " ind2=" ">
    <subfield code="0">0</subfield>
    <subfield code="1">0</subfield>
    <subfield code="4">0</subfield>
    <subfield code="6">813_000000000000000_DUK_2015_C335_OR_7</subfield>
    <subfield code="7">0</subfield>
    <subfield code="9">56654</subfield>
    <subfield code="a">LBC</subfield>
    <subfield code="b">LBC</subfield>
    <subfield code="c">C335</subfield>
    <subfield code="d">2016-11-10</subfield>
    <subfield code="l">1</subfield>
    <subfield code="o">813 DUK 2015 C335 Or.7</subfield>
    <subfield code="p">A03836</subfield>
    <subfield code="r">2017-02-15</subfield>
    <subfield code="s">2017-01-10</subfield>
    <subfield code="y">KB</subfield>
  </datafield>
</record>
